5HLuxD.jpg

KING HENRY VIII SENIOR AND PRIMARY SCHOOL LIBRARY OPAC

Reward-Pre-Intermed / (Record no. 3112)

000 -LEADER
fixed length control field 00507nam a22001937a 4500
003 - CONTROL NUMBER IDENTIFIER
control field OSt
005 - DATE AND TIME OF LATEST TRANSACTION
control field 20231013132538.0
008 - FIXED-LENGTH DATA ELEMENTS--GENERAL INFORMATION
fixed length control field 231013b ||||| |||| 00| 0 eng d
020 ## - INTERNATIONAL STANDARD BOOK NUMBER
International Standard Book Number 9780435242589
040 ## - CATALOGING SOURCE
Transcribing agency KH8
082 ## - DEWEY DECIMAL CLASSIFICATION NUMBER
Classification number 428.24 GRE
100 ## - MAIN ENTRY--PERSONAL NAME
Personal name Kay, Sue,
Relator term author.
245 ## - TITLE STATEMENT
Title Reward-Pre-Intermed /
Statement of responsibility, etc. Sue Kay
260 ## - PUBLICATION, DISTRIBUTION, ETC.
Place of publication, distribution, etc. Ocford ;
Name of publisher, distributor, etc. Macmillan Education.
300 ## - PHYSICAL DESCRIPTION
Dimensions 8.5 x 0.28 x 11.65 inches.
650 ## - SUBJECT ADDED ENTRY--TOPICAL TERM
Topical term or geographic name entry element English language
Form subdivision Second language
650 ## - SUBJECT ADDED ENTRY--TOPICAL TERM
Topical term or geographic name entry element Foreign language
942 ## - ADDED ENTRY ELEMENTS (KOHA)
Source of classification or shelving scheme
Koha item type Teaching Resources
Holdings
Withdrawn status Lost status Source of classification or shelving scheme Damaged status Not for loan Collection code Permanent Location Current Location Shelving location Date acquired Total Checkouts Full call number Barcode Date due Date last seen Date last checked out Price effective from Koha item type
          Teaching Resources KH8 Senior School Library KH8 Senior School Library Staff Office 2023-10-13 1 428.24 GRE TRKHSL002327 2025-07-04 2024-11-07 2024-11-07 2023-10-13 Teaching Resources

Powered By KH8 IT Dept